000
00304nam a22001217a 4500
020
_a
1572312165
082
_2
22
_a
005.7
100
_a
Chappell, David.
245
_a
Understanding active X and OLE /
260
_a
USA,
_b
Microsoft Press,
_c
c1996.
300
_a
xiv, 328p. ;
_b
ill. ;
_c
23 cm.
942
_2
ddc
_c
IT
999
_c
1410
_d
1410